|
|
|
|
| LEADER |
01395nam a2200289 a 4500 |
| 001 |
4019712 |
| 008 |
090601s1999 maua b 001 0 eng d |
| 010 |
|
|
|a 97072510
|
| 020 |
|
|
|a 0395871905
|
| 020 |
|
|
|a 8174730893
|
| 040 |
|
|
|a DLC
|c DLC
|
| 082 |
0 |
0 |
|a 658
|2 21
|
| 100 |
1 |
|
|a Kreitner, Robert.
|
| 245 |
1 |
0 |
|a Management /
|c Robert Kreitner.
|
| 250 |
|
|
|a 7th ed.
|
| 260 |
|
|
|a Boston,
|a India :
|b Houghton Mifflin,
|b A.I.T.B.S ,
|c c1999.
|
| 300 |
|
|
|a xxvii, 579, [96] p. :
|b ill. (some col.) ;
|c 26 cm.
|
| 504 |
|
|
|a Includes bibliographical references (p. R1 to R64) and indexes.
|
| 541 |
1 |
|
|e 00011971
|
| 650 |
|
0 |
|a Management.
|
| 852 |
4 |
|
|a Ayesha Abed Library
|j General Shelf.
|
| 942 |
0 |
0 |
|0 1
|
| 999 |
|
|
|c 1281
|d 1281
|
| 952 |
|
|
|0 0
|1 0
|2 ddc
|4 0
|6 658_000000000000000_KRE
|7 0
|9 11225
|a BRACUL
|b BRACUL
|c GEN
|d 2010-06-23
|g 298.00
|l 1
|m 5
|o 658 KRE
|p 3010011971
|r 2011-03-14
|s 2011-02-09
|t 1
|w 2010-06-23
|y BK
|x RS-250.00
|
| 952 |
|
|
|0 0
|1 0
|2 ddc
|4 0
|6 658_KRE_199900000000000
|7 0
|9 12195
|a BRACUL
|b BRACUL
|c GEN
|d 2010-09-29
|l 3
|m 9
|o 658 KRE
|p 3010011683
|r 2013-05-28
|s 2013-05-21
|t 2
|w 2010-09-29
|y BK
|
| 952 |
|
|
|0 0
|1 0
|2 ddc
|4 0
|6 658_KRE_199900000000000
|7 0
|9 14270
|a BRACUL
|b BRACUL
|c GEN
|d 2011-01-30
|l 3
|m 7
|o 658 KRE
|p 3010009829
|r 2015-09-18
|s 2015-09-17
|t 3
|w 2011-01-30
|y BK
|
| 952 |
|
|
|0 0
|1 0
|2 ddc
|4 0
|6 658_KRE_199900000000000
|7 0
|9 18396
|a BRACUL
|b BRACUL
|c GEN
|d 2011-10-13
|l 3
|m 36
|o 658 KRE
|p 3010011682
|r 2023-09-07
|s 2023-05-29
|t 4
|w 2011-10-13
|y BK
|